Ptaki stwierdzone w polsce na litere W - Statystyki

Ogólne statystyki
  • Ten quiz został rozwiązany 60 razy
  • Średni wynik to 9 z 16
Statystyki odpowiedzi
Odpowiedź % Poprawnych
wilga
88%
wróbel
82%
wrona siwa
79%
wodnik
74%
wąsatka
59%
warzęcha
56%
wieszczek
56%
wodniczka
56%
włochatka
47%
wójcik
44%
wydrzyk ostrosterny
44%
wydrzyk wielki
44%
wydrzyk tęposterny
41%
wydrzyk długosterny
38%
wróbel skalny
35%
wireonek czerwonooki
26%
Nie znaleziono quizów pasujących do podanych kryteriów
Rozkład punktacji
Procent ludzi z każdym wynikiem
Percentyl według liczby udzielonych odpowiedzi
Twoja historia wyników
Nie rozwiązałeś tego quizu